Криминалистический анализ файловых систем: пер. с англ.

מידע ביבליוגרפי
מחבר ראשי: Кэрриэ Б.
סיכום:Какая структура служит хранилищем всех данных, имеющихся на вашем ПК? Очевидно, файловая система. При этом четкого понимания ее устройства нет даже у некоторых IT-специалистов. Развернутые технические описания файловых систем встречаются крайне редко, а популярная литература по этой теме просто отсутствует. Специалист в области информационной безопасности Брайан Кэрриэ написал долгожданную книгу, которая необходима всем, кто хочет понять, как работают файловые системы и как обеспечить сохранность данных.
שפה:רוסית
יצא לאור: СПб., Питер, 2007
סדרה:Для профессионалов
נושאים:
פורמט: ספר
KOHA link:https://koha.lib.tpu.ru/cgi-bin/koha/opac-detail.pl?biblionumber=118673

MARC

LEADER 00000nam0a2200000 4500
001 118673
005 20231031124227.0
010 |a 5469013111 
035 |a (RuTPU)RU\TPU\book\128413 
090 |a 118673 
100 |a 20070615d2007 km y0rusy50 ca 
101 1 |a rus  |c eng 
102 |a RU 
105 |a a z 001zy 
200 1 |a Криминалистический анализ файловых систем  |e пер. с англ. 
210 |a СПб.  |c Питер  |d 2007 
215 |a 480 с.  |c ил. 
225 1 |a Для профессионалов 
320 |a Библиогр.: с. 233-234. 
320 |a Алфавитный указатель: с. 476-479. 
330 |a Какая структура служит хранилищем всех данных, имеющихся на вашем ПК? Очевидно, файловая система. При этом четкого понимания ее устройства нет даже у некоторых IT-специалистов. Развернутые технические описания файловых систем встречаются крайне редко, а популярная литература по этой теме просто отсутствует. Специалист в области информационной безопасности Брайан Кэрриэ написал долгожданную книгу, которая необходима всем, кто хочет понять, как работают файловые системы и как обеспечить сохранность данных. 
610 1 |a персональные компьютеры 
610 1 |a файловые системы 
610 1 |a принципы работы 
610 1 |a данные 
610 1 |a хранилища 
610 1 |a технические описания 
610 1 |a сохранность 
610 1 |a FAT 
610 1 |a NTFS 
610 1 |a Ext 2 
610 1 |a Ext 3 
610 1 |a UFS 
675 |a 681.322-181.4.06  |v 3 
700 1 |a Кэрриэ  |b Б. 
801 1 |a RU  |b 63413507  |c 20070615  |g PSBO 
801 2 |a RU  |b 63413507  |c 20210930  |g PSBO 
942 |c BK 
959 |a 47/20070604  |d 2  |e 69,00  |f АНЛ:1  |f ЧЗГЛ:1